<?xml version="1.0" encoding="UTF-8"?><?xml-stylesheet type="text/xsl" href="static/style.xsl"?><OAI-PMH xmlns="http://www.openarchives.org/OAI/2.0/" xmlns:xsi="http://www.w3.org/2001/XMLSchema-instance" xsi:schemaLocation="http://www.openarchives.org/OAI/2.0/ http://www.openarchives.org/OAI/2.0/OAI-PMH.xsd"><responseDate>2026-04-29T04:10:09Z</responseDate><request verb="GetRecord" identifier="oai:repisalud.isciii.es:20.500.12105/23816" metadataPrefix="marc">https://repisalud.isciii.es/rest/oai/request</request><GetRecord><record><header><identifier>oai:repisalud.isciii.es:20.500.12105/23816</identifier><datestamp>2024-11-29T00:47:54Z</datestamp><setSpec>com_20.500.12105_15322</setSpec><setSpec>com_20.500.12105_2051</setSpec><setSpec>col_20.500.12105_16967</setSpec></header><metadata><record xmlns="http://www.loc.gov/MARC21/slim" xmlns:dcterms="http://purl.org/dc/terms/" xmlns:doc="http://www.lyncode.com/xoai" xmlns:xsi="http://www.w3.org/2001/XMLSchema-instance" xsi:schemaLocation="http://www.loc.gov/MARC21/slim http://www.loc.gov/standards/marcxml/schema/MARC21slim.xsd">
   <leader>00925njm 22002777a 4500</leader>
   <datafield ind2=" " ind1=" " tag="042">
      <subfield code="a">dc</subfield>
   </datafield>
   <datafield ind2=" " ind1=" " tag="720">
      <subfield code="a">Gomila Muñiz, Isabel</subfield>
      <subfield code="e">author</subfield>
   </datafield>
   <datafield ind2=" " ind1=" " tag="720">
      <subfield code="a">Socias Crespí, Lorenzo</subfield>
      <subfield code="e">author</subfield>
   </datafield>
   <datafield ind2=" " ind1=" " tag="720">
      <subfield code="a">Puiguriguer Ferrando, Jordi</subfield>
      <subfield code="e">author</subfield>
   </datafield>
   <datafield ind2=" " ind1=" " tag="720">
      <subfield code="a">Guiu Marti, Alexandra M</subfield>
      <subfield code="e">author</subfield>
   </datafield>
   <datafield ind2=" " ind1=" " tag="720">
      <subfield code="a">Elorza Guerrero, Miguel Ángel</subfield>
      <subfield code="e">author</subfield>
   </datafield>
   <datafield ind2=" " ind1=" " tag="720">
      <subfield code="a">Barceló Martín, Bernardino</subfield>
      <subfield code="e">author</subfield>
   </datafield>
   <datafield ind2=" " ind1=" " tag="260">
      <subfield code="c">2024-01-04</subfield>
   </datafield>
   <datafield ind2=" " ind1=" " tag="520">
      <subfield code="a">[EN] Introduction: Recent publications relate the presence of hypoglycemia in venlafaxine (VLX) poisoning depending on the dose. Our aim was to analyze the clinical characteristics of patients who presented hypoglycemia induced by VLF overdose. Patients and methods: Retrospective study carried out in the Balearic Islands (2020-2023). Inclusion criteria: serum concentrations of VLX + O-desmethyl-venlafaxine (O-VLX)>800 ng/mL. The characteristics of patients with and without hypoglycemia were compared. Results: Twenty-one patients were included, 8 (38.1%) with hypoglycemia. No differences were found in the doses referred to in both groups. Peak concentrations of VLX + O-VLX (ng/mL) were 9,783 [4,459-17,976] in patients with hypoglycemia and 1,413 [930-1,719] in patients without hypoglycemia (p&lt;0.0001). The presence of hypoglycemia was associated with: lower age and level of consciousness; and higher frequency of suicide attempts, seizures, mydriasis, tachycardia and serotonin syndrome, invasive respiratory support, fluid therapy and ICU admission (p&lt;0.05). Conclusions: The detection of hypoglycemia in a VLX overdose case is a readily available marker to suspect the severity of the patient. In any case, serum concentrations when available allow us to confirm intoxication. [ES] Introducción: Estudios recientes en intoxicaciones por venlafaxina (VLF) relacionan la presencia de hipoglucemia con la dosis. Nuestro objetivo fue analizar las características clínicas de los pacientes que presentaron hipoglucemia inducida por sobredosis de VLF. Pacientes y métodos: Estudio retrospectivo realizado en las Islas Baleares (2020-2023). Como criterios de inclusión se tomaron en cuenta las concentraciones séricas de VLF + ortodesmetilvenlafaxina (O-VLF) > 800 ng/mL. Se compararon las características de los pacientes con y sin hipoglucemia. Resultados: Se incluyeron 21 pacientes, ocho (38,1%) con hipoglucemia. No se hallaron diferencias en las dosis referidas en ambos grupos. Las concentraciones máximas de VLF + O-VLF (ng/mL) fueron 9.783 (4.459-17.976) en sujetos con hipoglucemia y 1.413 (930-1.769) en aquellos sin esta enfermedad (p&lt;0,0001). La presencia de hipoglucemia se asoció con: menor edad y nivel de conciencia; y mayor frecuencia de tentativas suicidas, convulsiones, midriasis, taquicardia y síndrome serotoninérgico, soporte respiratorio invasivo, sueroterapia e ingreso en la Unidad de Cuidados Intensivos (UCI) (p &lt; 0,05). Conclusiones: La detección de hipoglucemia en individuos intoxicados por VLF es un marcador fácilmente disponible para sospechar la gravedad del paciente. En cualquier caso, las concentraciones séricas, cuando se disponen, permiten confirmar la intoxicación.</subfield>
   </datafield>
   <datafield ind1="8" ind2=" " tag="024">
      <subfield code="a">Gomila Muñiz I, Socias Crespí L, Puiguriguer Ferrando J, Guiu Marti AM, Elorza Guerrero MÁ, Barceló Martín B. Análisis retrospectivo de las hipoglucemias inducidas por venlafaxina en pacientes con sobredosis. Med Clin (Barc). 2024 Jan.</subfield>
   </datafield>
   <datafield ind1="8" ind2=" " tag="024">
      <subfield code="a">https://hdl.handle.net/20.500.13003/20066</subfield>
   </datafield>
   <datafield ind1="8" ind2=" " tag="024">
      <subfield code="a">https://hdl.handle.net/20.500.12105/23816</subfield>
   </datafield>
   <datafield ind1="8" ind2=" " tag="024">
      <subfield code="a">38182480</subfield>
   </datafield>
   <datafield ind1="8" ind2=" " tag="024">
      <subfield code="a">10.1016/j.medcli.2023.11.002</subfield>
   </datafield>
   <datafield ind1="8" ind2=" " tag="024">
      <subfield code="a">10.1016/j.medcli.2023.11.002</subfield>
   </datafield>
   <datafield ind1="8" ind2=" " tag="024">
      <subfield code="a">1578-8989</subfield>
   </datafield>
   <datafield ind1="8" ind2=" " tag="024">
      <subfield code="a">Medicina clinica</subfield>
   </datafield>
   <datafield ind2="0" ind1="0" tag="245">
      <subfield code="a">Retrospective analysis of venlafaxine-induced hypoglycemia in patients with overdose</subfield>
   </datafield>
</record></metadata></record></GetRecord></OAI-PMH>